000 00949nam a2200217Ia 4500
999 _c52889
_d52889
001 19919
003 GE_BSU
005 20200511230318.0
008 181216s1948||||ge |||||||||||||| ||geo||
040 _cGE_BSU
041 _ageo
080 _a81'374.822 = 353.1=161.1 დ-16
100 _aდათიკაშვილი, ქეთევან
_97970
245 _aქართულ-რუსული ლექსიკონი = Грузинско-русский словарь :
_bწ. 2 : კ - ჰ.
_cქეთევან დათიკაშვილი ; რედ. ს.ვაჩნაძე.
264 _aთბილისი :
_bსახელგამი,
_c1948.
300 _aV, 640 გვ. ;
_c25 სმ.
653 _aლექსიკონი
653 _aქართულ-რუსული ლექსიკონი
700 _aვაჩნაძე, ს.
_eრედაქტორი
_92916
942 _cBK
_2udc